Súčasné atribúty udržiavania kvality mlieka

Uložené v:
Podrobná bibliografia
Hlavný autor: Sudzinová, Janka
Ďalší autori: Haščík, Peter, Stričík, Michal, 1969-
Médium: Kapitola
Jazyk:Slovak
Tagy: Pridať tag
Žiadne tagy, Buďte prvý, kto otaguje tento záznam!

MARC

LEADER 00000naa a2200000 4500
001 0177181
005 20240502073023.2
041 0 |a slo 
044 |a SK 
245 1 0 |a Súčasné atribúty udržiavania kvality mlieka  |c Janka Sudzinová, Peter Haščík, Michal Stričík 
100 1 |a Sudzinová, Janka 
700 1 |a Haščík, Peter 
700 1 |a Stričík, Michal, 1969-